00396nam a2200109Ia 4500008004100000050002300041100003300064245005900097260008600156300002800242521001600270140724s9999 xx 000 0 und d aHB 615b.M337 2011 aMarinas, Roland Kristofer V. aCarrera Auto Detailing /cRoland Kristofer V. Marinas. aLas Piñas, Philippines :bSouthville International School and Colleges,cc2011. a52 p. :bill. ;c28 cm. aEntrepeneur